Buffalo Bella /

Guardat en:
Dades bibliogràfiques
Autor principal: Douzou, Olivier (Autor)
Altres autors: Quarenghi, Giusi
Format: Llibre
Idioma:italià
Publicat: Cagli : Settenove, 2017
Etiquetes: Afegir etiqueta
Sense etiquetes, Sigues el primer a etiquetar aquest registre!

MARC

LEADER 00000nam a22000007i 4500
001 IT\ICCU\MOD\1674371
003 ItRI
005 20260213191343.0
008 171023s2017 it |||||| ||||| |||||c
020 |a 9788898947232 
040 |b ita  |c CDM 
041 7 |a ita  |2 ISO-639-2 
082 |a 841.914  |2 21 
100 1 |a Douzou, Olivier  |0 IT\ICCU\FERV\072243  |4 aut 
240 1 0 |a Buffalo Belle.  |9 Douzou, Olivier 
245 1 0 |a Buffalo Bella /  |c Olivier Douzou ; testo italiano di Giusi Quarenghi. 
260 |a Cagli :  |b Settenove,  |c 2017 
300 |a 1 volume (senza paginazione) :  |b ill. ;  |c 22 cm. 
700 1 |a Quarenghi, Giusi  |0 IT\ICCU\CFIV\076634 
942 |2 ddc  |c BK 
952 |0 0  |1 0  |2 ddc  |4 0  |6 841_914000000000000_DOU_BUF  |7 1  |9 1543  |a RA  |b RA  |d 2024-06-28  |l 0  |o 841.914 DOU BUF  |p 9292  |r 2024-06-28 10:17:27  |w 2024-06-28  |y BK 
952 |0 0  |1 0  |2 ddc  |4 0  |6 B_LNR04DOUOLBUF11  |7 0  |9 8025  |a MI  |b MI  |d 2021-07-18  |i 6751  |l 0  |o B-LNR04-DOUOL-BUF11  |p CDOM6751  |r 2025-07-13 16:28:51  |w 2025-07-13  |x ACQUISTO  |y BK 
952 |0 0  |1 0  |4 0  |6 R_841_914000000000000_DOU  |7 0  |9 21728  |a BO  |b BO  |d 2026-01-15  |i 18796  |l 0  |o R 841.914 DOU  |p BO18796  |r 2026-01-15 23:22:07  |w 2026-01-15  |x [Sebina 5] [1 v.]  |y BK  |z 1 v. 
999 |c 1360  |d 1360